Introduction to atomic and nuclear physics (Record no. 179925)
[ view plain ]
| 000 -LEADER | |
|---|---|
| fixed length control field | 00507nam a2200205Ia 4500 |
| 003 - CONTROL NUMBER IDENTIFIER | |
| control field | OSt |
| 005 - DATE AND TIME OF LATEST TRANSACTION | |
| control field | 20230317152443.0 |
| 008 - FIXED-LENGTH DATA ELEMENTS--GENERAL INFORMATION | |
| fixed length control field | 210707s1972 xx 000 0 und d |
| 040 ## - CATALOGING SOURCE | |
| Transcribing agency | AL |
| 041 ## - LANGUAGE CODE | |
| Language code of text/sound track or separate title | eng |
| 082 ## - DEWEY DECIMAL CLASSIFICATION NUMBER | |
| Classification number | 539.7 SEMI |
| 100 ## - MAIN ENTRY--PERSONAL NAME | |
| Personal name | SEMAT (Henry) & ALBRIGHT (John R) |
| 9 (RLIN) | 76191 |
| 245 ## - TITLE STATEMENT | |
| Title | Introduction to atomic and nuclear physics |
| 250 ## - EDITION STATEMENT | |
| Edition statement | 5 |
| 260 ## - PUBLICATION, DISTRIBUTION, ETC. | |
| Place of publication, distribution, etc. | London |
| Name of publisher, distributor, etc. | Chapman & Hall |
| Date of publication, distribution, etc. | 1972 |
| 300 ## - PHYSICAL DESCRIPTION | |
| Extent | xx,712 p |
| 563 ## - BINDING INFORMATION | |
| Binding note | HB |
| 906 ## - LOCAL DATA ELEMENT F, LDF (RLIN) | |
| a | Physics Atomic Nuclear |
| 942 ## - ADDED ENTRY ELEMENTS (KOHA) | |
| Source of classification or shelving scheme | Dewey Decimal Classification |
| Koha item type | Book |
| Withdrawn status | Lost status | Source of classification or shelving scheme | Damaged status | Not for loan | Collection code | Home library | Current library | Date acquired | Cost, normal purchase price | Total Checkouts | Full call number | Barcode | Date last seen | Price effective from | Koha item type |
|---|---|---|---|---|---|---|---|---|---|---|---|---|---|---|---|
| Dewey Decimal Classification | Physics | St Aloysius Library | St Aloysius Library | 02/17/2021 | 0.00 | 539.7 SEMI | 031427 | 02/17/2021 | 02/17/2021 | Book | |||||
| Dewey Decimal Classification | Physics | St Aloysius Library | St Aloysius Library | 02/17/2021 | 0.00 | 539.7 SEMI | 033540 | 02/17/2021 | 02/17/2021 | Book | |||||
| Dewey Decimal Classification | Physics | St Aloysius Library | St Aloysius Library | 03/16/2001 | 539.7 SEMI | BB02688 | 07/08/2021 | 07/08/2021 | Book Bank |